000
00245nam a2200109Ia 4500
008
220204s9999 xx 000 0 und d
082
_a
82-3
_b
MAR
100
_a
Martin, Thomas St
245
0
_a
Jill
260
_a
New York
_b
Dell
_c
1979
942
_c
BK
999
_c
35129
_d
35129